| 000 | 00642nam a2200253Ia 4500 | ||
|---|---|---|---|
| 005 | 20250425162422.0 | ||
| 008 | 250425s9999 xx 000 0 und d | ||
| 020 | _a9780981853659 | ||
| 041 | _aspa | ||
| 043 | _acr | ||
| 082 | _a333.7 | ||
| 100 | _aARTAVIA LORIA, ROBERTO | ||
| 245 | 0 | _aESCENARIOS... CAMINO A LA SOSTENIBILIDAD | |
| 250 | _a1A ED. | ||
| 260 |
_aCosta Rica _bLATINOAMÉRICA POSIBLE _c2008 |
||
| 260 | _aSAN JOSE | ||
| 300 | _a52 | ||
| 500 | _aEnsayos de Baar, volumen VI | ||
| 650 | _aDESARROLLO SOSTENIBLE | ||
| 650 | _aMEDIO AMBIENTE | ||
| 710 | _aLATINOAMERICA POSIBLE | ||
| 942 | _c01 | ||
| 010 | _a71927 | ||
| 999 |
_c228826 _d228826 |
||